| 000 | 00650nam a22002057a 4500 | ||
|---|---|---|---|
| 003 | OSt | ||
| 008 | 260408b |||||||| |||| 00| 0 eng d | ||
| 020 | _a9789381226193 | ||
| 082 |
_a630.717 _bK96A |
||
| 100 | _aKumar, Dileep. | ||
| 245 |
_aAgricultural Extension : innovations and dimension / _cby Dileep Kumar and Khajan Singh |
||
| 260 |
_a.- Delhi _b: Satish Serial Publishing House _c, 2020 |
||
| 300 | _axv,650p. | ||
| 650 | _aTechnology (Applied Sciences) | ||
| 650 | _aAgriculture and Related Technologies | ||
| 650 | _aAgricultural Extension Work | ||
| 650 | _aAgricultural Innovations | ||
| 700 | _aSingh, Khajan. | ||
| 942 |
_2ddc _cBK |
||
| 999 |
_c50041 _d50041 |
||